01329nam a2200301 a 450000100100000000500170001000800410002702000150006804000250008308200200010810000330012824501030016124600220026426000480028630000210033449000290035549000270038450400430041165000340045465000370048883000340052583000340055991000390059395201180063295201300075095201300088099900170101000001182820240301140404.0091028s2003 pr 000 f spa d a1932271244 aDO-SdBNPbspacBNPHU aPR863.44bC115h1 aCabiya, Pedro,d1971-91607710aHistorias atroces que frangolla la voraz hiena para comerse a la liebre perspicaz /cPedro Cabiya.14aHistorias atroces aSan Juan, Puerto Rico :bIsla Negra,c2003. a173 p. ;c22 cm.1 aEl rostro y la máscara1 aEl fémur de tu padre aIncluye notas al pie de las páginas. 4aNovela puertorriqueña91185 4aLiteratura puertorriqueña9250 3aEl rostro y la máscara9251 3aEl fémur de tu padre927995 aValidado. Control de calidad BNPHU 001050718MOaPDbPDcHDd2009-10-28iLF1l0oPR863.44 C115hp11828-10r2020-06-25w2020-06-25y1ZNo se presta 001053728MOaPDbPDcHDd2009-10-28iLF1l0oPR863.44 C115hp11828-20r2020-06-25te. 2w2020-06-25y4ZPréstamo en sala 001054708MOaPDbPDcHDd2009-10-28iLF1l0oPR863.44 C115hp11828-30r2020-06-25te. 3w2020-06-25y4ZPréstamo en sala c11502d11502